01576 2200721 4500001002100000008004100021035002000062245004100082110001900123250001300142260002800155300002200183020001800205084001400223082000800237650001100245990001300256990001300269990001300282990001300295990001300308990001300321990001300334990001300347990001300360990001300373990001300386990001300399990001300412990001300425990001300438990001300451990001300464990001300477990001300490990001300503990001300516990001300529990001300542990001300555990001300568990001300581990001300594990001300607990001300620990001300633990001300646990001300659990001300672990001300685990001300698990001300711990001300724990001300737990001300750990001300763990001300776990001300789990001300802990001300815990001300828990001300841INLIS000000000000015 ind  a0010-0323000002 aMAHIR BAHASA INDONESIAcTIM EDUKATIF aDapat dipinjam aTersedia aJAKARTAbERLANGGAc2022 a255c25 X 17,5 CM a9786232665972 a410 TIM b a410 aBAHASA aERL.8079 aERL.8080 aERL.8081 aERL.8082 aERL.8083 aERL.8084 aERL.8085 aERL.8086 aERL.8087 aERL.8088 aERL.8089 aERL.8090 aERL.8091 aERL.8092 aERL.8093 aERL.8094 aERL.8095 aERL.8096 aERL.8097 aERL.8098 aERL.8099 aERL.8100 aERL.8101 aERL.8102 aERL.8103 aERL.8104 aERL.8105 aERL.8106 aERL.8107 aERL.8108 aERL.8109 aERL.8110 aERL.8111 aERL.8112 aERL.8113 aERL.8114 aERL.8115 aERL.8116 aERL.8117 aERL.8118 aERL.8119 aERL.8120 aERL.8121 aERL.8122 aERL.8123 aERL.8124